Ethics and anti corruption commission (Record no. 16297)

MARC details
000 -LEADER
fixed length control field 00489nam a22001337a 4500
008 - FIXED-LENGTH DATA ELEMENTS--GENERAL INFORMATION
fixed length control field 170202b xxu||||| |||| 00| 0 eng d
040 ## - CATALOGING SOURCE
Original cataloging agency KABU
Transcribing agency KABU
050 ## - LIBRARY OF CONGRESS CALL NUMBER
Classification number KTC JQ2947
Item number .A56C6K46 2016 C.1
100 ## - MAIN ENTRY--PERSONAL NAME
Personal name Aclarb, Harakhe Waqo
245 ## - TITLE STATEMENT
Title Ethics and anti corruption commission
Remainder of title national ethics and corruption survey 2016
Statement of responsibility, etc. by Halakhe waqo Aclarb
260 ## - PUBLICATION, DISTRIBUTION, ETC. (IMPRINT)
Place of publication, distribution, etc. Nairobi
Date of publication, distribution, etc. 2016
300 ## - PHYSICAL DESCRIPTION
Extent xvi,81 p.
942 ## - ADDED ENTRY ELEMENTS (KOHA)
Source of classification or shelving scheme Library of Congress Classification
Koha item type General Collection
Classification part KTCJQ2947 .A56 C6 K46 C.1
Holdings
Withdrawn status Lost status Source of classification or shelving scheme Not for loan Home library Current library Shelving location Date acquired Total Checkouts Full call number Barcode Date last seen Copy number Price effective from Koha item type
    Library of Congress Classification   Kabarak, Main Campus Kabarak, Main Campus General Stacks 02/02/2017   KTC JQ2947 .A56C6K46 2016 C.1 027140 02/02/2017 C.1 02/02/2017 General Collection
    Library of Congress Classification   Kabarak, Main Campus Kabarak, Main Campus General Stacks 02/02/2017   KTC JQ2947 .A56C6K46 2016 C.2 027139 02/02/2017 C.2 02/02/2017 General Collection
    Library of Congress Classification   Kabarak, Main Campus Kabarak, Main Campus General Stacks 02/02/2017   KTC JQ2947 .A56C6K46 2016 C.3 027138 02/02/2017 C.3 02/02/2017 General Collection
Designed with assistance from East African Informatics Ltd